Elements of business mathematics / (Record no. 4244)
[ view plain ]
| 000 -LEADER | |
|---|---|
| fixed length control field | 00607nam a2200205Ia 4500 |
| 003 - CONTROL NUMBER IDENTIFIER | |
| control field | PH-BoMPS |
| 005 - DATE AND TIME OF LATEST TRANSACTION | |
| control field | 20230315173421.0 |
| 008 - FIXED-LENGTH DATA ELEMENTS--GENERAL INFORMATION | |
| fixed length control field | 220516s9999 xx 000 0 und d |
| 040 ## - CATALOGING SOURCE | |
| Transcribing agency | MPSPC |
| 082 ## - DEWEY DECIMAL CLASSIFICATION NUMBER | |
| Classification number | BCB 513.93 B12 1980 |
| 099 ## - LOCAL FREE-TEXT CALL NUMBER (OCLC) | |
| Classification number | Elements of business mathematics_BCB 513.93 B12 1980 |
| 100 ## - MAIN ENTRY--PERSONAL NAME | |
| Personal name | Bacani, Alberto C. |
| 9 (RLIN) | 2777 |
| 245 10 - TITLE STATEMENT | |
| Title | Elements of business mathematics / |
| Statement of responsibility, etc. | Alberto C. Bacani |
| 250 ## - EDITION STATEMENT | |
| Edition statement | rev. ed. |
| 264 ## - PRODUCTION, PUBLICATION, DISTRIBUTION, MANUFACTURE, AND COPYRIGHT NOTICE | |
| Place of production, publication, distribution, manufacture | Manila : |
| Name of producer, publisher, distributor, manufacturer | GIC Enterprise, |
| Date of production, publication, distribution, manufacture, or copyright notice | 1980 |
| 300 ## - PHYSICAL DESCRIPTION | |
| Extent | vii, 231p. ; |
| Dimensions | 22 cm. |
| 500 ## - GENERAL NOTE | |
| General note | Includes index. |
| 650 ## - SUBJECT ADDED ENTRY--TOPICAL TERM | |
| Topical term or geographic name entry element | Business mathematics |
| 9 (RLIN) | 2301 |
| 942 ## - ADDED ENTRY ELEMENTS (KOHA) | |
| Source of classification or shelving scheme | Dewey Decimal Classification |
| Koha item type | BOOKS |
| Withdrawn status | Lost status | Source of classification or shelving scheme | Damaged status | Not for loan | Collection | Home library | Current library | Shelving location | Date acquired | Full call number | Barcode | Date last seen | Price effective from | Koha item type |
|---|---|---|---|---|---|---|---|---|---|---|---|---|---|---|
| Dewey Decimal Classification | Business Courses Books | Bontoc Campus Library | Bontoc Campus Library | MPSU Bontoc Campus Library 2nd Floor | 05/24/2022 | BCB 513.93 B12 1980 | B0907 | 03/03/2023 | 05/24/2022 | BOOKS | ||||
| Dewey Decimal Classification | Business Courses Books | Bontoc Campus Library | Bontoc Campus Library | MPSU Bontoc Campus Library 2nd Floor | 05/24/2022 | BCB 513.93 B12 1980 | B0906 | 03/03/2023 | 05/24/2022 | BOOKS | ||||
| Dewey Decimal Classification | Business Courses Books | Bontoc Campus Library | Bontoc Campus Library | MPSU Bontoc Campus Library 2nd Floor | 05/24/2022 | BCB 513.93 B12 1980 | B0904 | 03/03/2023 | 05/24/2022 | BOOKS | ||||
| Dewey Decimal Classification | Business Courses Books | Bontoc Campus Library | Bontoc Campus Library | MPSU Bontoc Campus Library 2nd Floor | 05/24/2022 | BCB 513.93 B12 1980 | B0910 | 03/03/2023 | 05/24/2022 | BOOKS | ||||
| Dewey Decimal Classification | Business Courses Books | Bontoc Campus Library | Bontoc Campus Library | MPSU Bontoc Campus Library 2nd Floor | 05/24/2022 | BCB 513.93 B12 1980 | B0915 | 03/03/2023 | 05/24/2022 | BOOKS | ||||
| Dewey Decimal Classification | Business Courses Books | Bontoc Campus Library | Bontoc Campus Library | MPSU Bontoc Campus Library 2nd Floor | 05/24/2022 | BCB 513.93 B12 1980 | B0912 | 03/03/2023 | 05/24/2022 | BOOKS | ||||
| Dewey Decimal Classification | Business Courses Books | Bontoc Campus Library | Bontoc Campus Library | MPSU Bontoc Campus Library 2nd Floor | 05/24/2022 | BCB 513.93 B12 1980 | B13048 | 03/03/2023 | 05/24/2022 | BOOKS |